NSN Cycling Team Riders 2026 - Statistics

General Stats
  • This quiz has been taken 8 times
  • The average score is 15 of 27
Answer Stats
Country Rider % Correct
KAZ Alexey Lutsenko
100%
NZL George Bennett
100%
FRA Hugo Hofstetter
100%
ERI Biniam Girmay
75%
AUS Brady Gilmore
75%
GBR Ethan Vernon
75%
CAN Guillaume Boivin
75%
ISR Itamar Einhorn
75%
GBR Joseph Blackmore
75%
GBR Lewis Askey
75%
ITA Marco Frigo
75%
ISR Oded Kogut
75%
GBR Stephen Williams
75%
NZL Corbin Strong
50%
GBR Jake Stewart
50%
LAT Krists Neilands
50%
CAN Pier-André Côté
50%
ITA Alessandro Pinarello
25%
NZL Dion Smith
25%
CZE Jan Hirt
25%
FRA Matis Louvel
25%
ISR Nadav Raisberg
25%
AUS Nick Schultz
25%
USA Riley Sheehan
25%
IRL Ryan Mullen
25%
BEL Tom Van Asbroeck
25%
AUS Simon Clarke
0%
No matching quizzes found
Score Distribution
Percent of People with Each Score
Percentile by Number Answered
Your Score History
You have not taken this quiz